00373cam a22000977a 4500008004000000082001600040245010300056260003400159300000800193700007400201180718b1957 xxu||||| |||| 00| 0 eng d aR11x54 In2g aPattern of gradute unemploymentcby National Employment Service, Ministry of Labour and Employment aNew DelhibAlibon Pressc1957 a24p aIndia. National Employment Service, Ministry of Labour and Employment